000 00619cam a22002173a 4500
001 39462
003 PGUSA
005 20140828083857.0
008 120416s2012||||xxu|||||s|||||000 | eng d
040 _aPGUSA
_beng
042 _adc
100 1 _aPlato,
_d-428--348
245 1 0 _aΑπολογία Σωκράτους
_h[electronic resource] /
_cPlato
260 _bProject Gutenberg,
_c2012
506 _aPublic domain in the USA.
516 _aElectronic text
700 1 _aMoraitides, Alexandros,
_d1850-1929
830 0 _aProject Gutenberg
_v39462
856 4 0 _uhttp://www.gutenberg.org/ebooks/39462
942 _cEB
999 _c268715
_d268715